Almost Useless Celebrity Trivia Quiz Stats

 Plays Quiz Updated Jul 23, 2016

Challenge
Share
Tweet
Embed
Score 0/25 Timer 06:00
9 Plays Today
% Correct
Sandra Bullock
88.7%
Lady Gaga
86.9%
Ellen DeGeneres
86.7%
Channing Tatum
85.8%
Jerry Springer
82.9%
Jim Carrey
79.5%
Cameron Diaz
77.8%
Will Ferrell
77.7%
Drew Carey
76.1%
Beyoncé
75.1%
Morgan Freeman
74.9%
Natalie Portman
74.5%
Nicolas Cage
72.2%
% Correct
Harrison Ford
71%
George Clooney
70.8%
Anne Hathaway
70.6%
Johnny Depp
69.8%
Scarlett Johansson
68.2%
Eva Green
66.8%
Madonna
57.3%
Ellie Goulding
55.9%
Richard Gere
54.7%
Kiefer Sutherland
52.4%
Tom Cruise
51.1%
Emma Stone
50%

You're not logged in!

Compare scores with friends on all Sporcle quizzes.
Join for Free
OR
Log In

You Might Also Like...

Show Comments

Extras

Top Quizzes Today


Score Distribution

Your Account Isn't Verified!

In order to create a playlist on Sporcle, you need to verify the email address you used during registration. Go to your Sporcle Settings to finish the process.

Report this User

Report this user for behavior that violates our Community Guidelines.

Details: